书目信息 |
| 题名: |
数学建模案例集
|
|
| 作者: | 李浙宁 , 王聚丰 , 杨启帆 编著 | |
| 分册: | ||
| 出版信息: | 北京 高等教育出版社 2006.07 |
|
| 页数: | 273页 | |
| 开本: | 23cm | |
| 丛书名: | ||
| 单 册: | ||
| 中图分类: | O22 | |
| 科图分类: | ||
| 主题词: | 数学建模--shu xue jian mo--案例--高等学校--教材 | |
| 电子资源: | ||
| ISBN: | 7-04-019577-1 | |
| 000 | 00960nam0 2200265 450 | |
| 001 | 012006536808 | |
| 005 | 20061018153434.90 | |
| 010 | @a7-04-019577-1@dCNY20.70 | |
| 100 | @a20061007d2006 km y0chiy0120 ea | |
| 101 | 0 | @achi |
| 102 | @aCN@b110000 | |
| 105 | @aa z 000yy | |
| 200 | 1 | @a数学建模案例集@Ashu xue jian mo an li ji@f杨启帆 … [等] 编著@Fyang qi fan…[deng]bian zhu |
| 210 | @a北京@c高等教育出版社@d2006.07 | |
| 215 | @a273页@c图@d23cm | |
| 300 | @a教育科学"十五"国家规划课题研究成果 | |
| 304 | @a责任者还有 : 李浙宁, 王聚丰, 涂黎晖 | |
| 330 | @a本书内容共分为上、下两篇,上篇包含了我们挑选的20个数学建模案例,下篇则为2003~2005三年中浙江大学校内数学建模竞赛赛题的6篇参考论文。 | |
| 606 | 0 | @a数学建模@Ashu xue jian mo@x案例@x高等学校@j教材 |
| 690 | @aO22@v4 | |
| 701 | 0 | @a李浙宁@Ali zhe ning@4编著 |
| 701 | 0 | @a王聚丰@Awang ju feng@4编著 |
| 701 | 0 | @a杨启帆@Ayang qi fan@4编著 |
| 801 | 0 | @aCN@c20061018 |
| 905 | @a10447@dO22@eY241 | |
| 数学建模案例集/杨启帆 … [等] 编著.-北京:高等教育出版社,2006.07 |
| 273页:图;23cm |
| 教育科学"十五"国家规划课题研究成果 |
| ISBN 7-04-019577-1:CNY20.70 |
| 本书内容共分为上、下两篇,上篇包含了我们挑选的20个数学建模案例,下篇则为2003~2005三年中浙江大学校内数学建模竞赛赛题的6篇参考论文。 |
| ● |
| 相关链接 |
|
|
|
正题名:数学建模案例集
索取号:O22/Y241
 
预约/预借
| 序号 | 登录号 | 条形码 | 馆藏地/架位号 | 状态 | 备注 |
| 1 | 223072 | 202230727 | 自科库401/401自科库 48排1列3层/ [索取号:O22/Y241] | 在馆 | |
| 2 | 223073 | 202230736 | 自科库401/401自科库 48排1列3层/ [索取号:O22/Y241] | 在馆 | |
| 3 | 223074 | 202230745 | 自科库401/401自科库 48排1列3层/ [索取号:O22/Y241] | 在馆 | |
| 4 | 223075 | 202230754 | 自科库401/401自科库 48排1列3层/ [索取号:O22/Y241] | 在馆 | |
| 5 | 223076 | 202230763 | 自科库401/401自科库 48排1列3层/ [索取号:O22/Y241] | 在馆 |